Behavioural Psychology/ (Record no. 166579)

MARC details
000 -LEADER
fixed length control field 00514nam a22001697a 4500
010 ## - LCCN (DPL NO)
LC control number ENG-126096
020 ## - INTERNATIONAL STANDARD BOOK NUMBER
International Standard Book Number 978-93-86761-29-3
Terms of availability 1495.00
035 ## - SYSTEM CONTROL NUMBER
System control number EN-109628
037 ## - SOURCE OF ACQUISITION
Source of stock number/acquisition DBAD/PUB
082 ## - DEWEY DECIMAL CLASSIFICATION NUMBER
Classification number 150
100 ## - MAIN ENTRY--PERSONAL NAME
Personal name Singh,Shashi Kala
Dates associated with a name 2018
245 ## - TITLE STATEMENT
Title Behavioural Psychology/
Remainder of title (W
Statement of responsibility, etc by Shashi Kala Singh
260 ## - PUBLICATION, DISTRIBUTION, ETC. (IMPRINT)
Place of publication, distribution, etc New Delhi
Name of publisher, distributor, etc Ane Books Pvt.Ltd.
270 ## - ADDRESS
Address 4821, Parwana Bhawan, 1st floor, 24 Ansari Road, Darya Ganj.
300 ## - PHYSICAL DESCRIPTION
Extent 296p.
Dimensions 24cm(hb)
942 ## - ADDED ENTRY ELEMENTS (KOHA)
Source of classification or shelving scheme Dewey Decimal Classification
Item type English Books
Classification part 150
Call number suffix SIN
Holdings
Withdrawn status Lost status Not for loan Collection code Home library Current library Date acquired Source of acquisition Cost, normal purchase price Full call number Barcode Copy number Cost, replacement price Koha item type
      Non-fiction Central Library Central Library 30/07/2019 DBAD/PUB 1495.00 150 SIN EN-109628 1 1495.00 English Books

© Delhi Public Library
Hit Counter
free hit counter